| 000 | 00416nam a22001697a 4500 | ||
|---|---|---|---|
| 005 | 20260502155214.0 | ||
| 008 | 160526b xxu||||| |||| 00| 0 eng d | ||
| 020 | _a81-259-1052-2 | ||
| 041 | _aeng | ||
| 082 | _a336.2714 | ||
| 100 |
_a Gurumurthy, S _99022 |
||
| 245 | _aValue-Added Tax Across the World | ||
| 260 |
_aNew Delhi _bAcademic Faundation _c2003 |
||
| 300 | _a251 | ||
| 650 | _aManagement | ||
| 942 | _cBK | ||
| 999 |
_c1791 _d1790 |
||